Fluid mechanics (Record no. 16645)

000 -LEADER
fixed length control field 00399nam a22001697a 4500
001 - CONTROL NUMBER
control field 16645
003 - CONTROL NUMBER IDENTIFIER
control field BD-DhUET
008 - FIXED-LENGTH DATA ELEMENTS--GENERAL INFORMATION
fixed length control field 150321b xxu||||| |||| 00| 0 eng d
040 ## - CATALOGING SOURCE
Transcribing agency 0
Modifying agency BD-DhUET
082 ## - DEWEY DECIMAL CLASSIFICATION NUMBER
Classification number 620.1113
Item number PAO/1961
100 ## - MAIN ENTRY--PERSONAL NAME
Personal name Pao, Richard H. F.
245 ## - TITLE STATEMENT
Title Fluid mechanics
250 ## - EDITION STATEMENT
Edition statement 1st ed.
260 ## - PUBLICATION, DISTRIBUTION, ETC. (IMPRINT)
Place of publication, distribution, etc. New York
Name of publisher, distributor, etc. John Wiley & Sons
Date of publication, distribution, etc. 1961
300 ## - PHYSICAL DESCRIPTION
Extent xiii, 502 p.
942 ## - ADDED ENTRY ELEMENTS (KOHA)
Koha item type General Book
Holdings
Location (home branch) Sublocation or collection (holding branch) Copy number Koha normalized classification for sorting Withdrawn status Koha item type Shelving location Piece designation (barcode) Date acquired Lost status Damaged status Koha date last seen Price effective from Not for loan Source of classification or shelving scheme Koha full call number
Central Library, BUETCentral Library, BUET1620_111300000000000_PAO_1961 General BookCirculation section221212015-03-21  2015-03-212015-03-21  620.1113/PAO/1961
Central Library, BUETCentral Library, BUET2620_111300000000000_PAO_1961 General BookCirculation section221222015-04-22  2015-04-222015-04-22  620.1113/PAO/1961